ՀՀ Գիտությունների ազգային ակադեմիայի հիմնարար գիտական գրադարան  =   Fundamental Scientific Library of NAS RA

Биологически активные вещества плодов и ягод : (Record no. 307996)

MARC details
000 -LEADER
fixed length control field 01357nam a2200241 a 4500
001 - CONTROL NUMBER
control field 000871876
003 - CONTROL NUMBER IDENTIFIER
control field AM-YeHGA
005 - DATE AND TIME OF LATEST TRANSACTION
control field 20250617145215.0
008 - FIXED-LENGTH DATA ELEMENTS--GENERAL INFORMATION
fixed length control field 120302s1976 ru r 000 0 rus d
040 ## - CATALOGING SOURCE
Original cataloging agency AM-YeHGA
041 0# - LANGUAGE CODE
Language code of text/sound track or separate title rus
090 ## - LOCALLY ASSIGNED LC-TYPE CALL NUMBER (OCLC); LOCAL CALL NUMBER (RLIN)
-- 309706
245 00 - TITLE STATEMENT
Title Биологически активные вещества плодов и ягод :
Remainder of title Материалы V Всесоюзного семинара (27-28 марта 1975 г.) /
Statement of responsibility, etc. ВАСХНИЛ; Отдел. Нечернозем. зоне РСФСР; Научно-исслед. зон. ин-т садовод. нечернозем полосы; Редколл. : В.Г. Трушечкин и др.
260 ## - PUBLICATION, DISTRIBUTION, ETC.
Place of publication, distribution, etc. Москва :
Name of publisher, distributor, etc. Б. и.,
Date of publication, distribution, etc. 1976.
300 ## - PHYSICAL DESCRIPTION
Extent 192 с. :
Other physical details рис., табл. ;
Dimensions 20 см.
504 ## - BIBLIOGRAPHY, ETC. NOTE
Bibliography, etc. note Библиогр. после каждой главы
650 14 - SUBJECT ADDED ENTRY--TOPICAL TERM
Topical term or geographic name entry element Плодоводство
650 14 - SUBJECT ADDED ENTRY--TOPICAL TERM
Topical term or geographic name entry element Ягодоводство
700 1# - ADDED ENTRY--PERSONAL NAME
Personal name Трушечкин, В.Г.
Relator term ред.
Relationship edt
710 2# - ADDED ENTRY--CORPORATE NAME
Corporate name or jurisdiction name as entry element Всесоюзная академия сельскохозяйственных наук им. В.И. Ленина
710 2# - ADDED ENTRY--CORPORATE NAME
Corporate name or jurisdiction name as entry element Отделение по Нечерноземной зоне РСФСР
710 2# - ADDED ENTRY--CORPORATE NAME
Corporate name or jurisdiction name as entry element Научно-исследовательский зональный институт садоводства нечерноземной полосы
Holdings
Withdrawn status Lost status Damaged status Not for loan Collection Home library Current library Date acquired Total checkouts Full call number Barcode Date last seen Price effective from Koha item type Public note
        General Fundamental Scientific Library Fundamental Scientific Library 09/01/2017   РII/389014 FL0378707 09/01/2017 09/01/2017 Գրքեր / Books 30 Days Loan


ՀՀ ԳԱԱ հիմնարար գիտական գրադարան
ՀՀ,Երևան 0019
Մարշալ Բաղրամյան 24/6
հեռախոս:(374-10) 52-47-50
Հետադարձ կապ

All site content, except where otherwise noted, is licensed under a
Creative Commons License